Xây dựng bộ luật tố tụng dân sự những vấn đề lý luận và thực tiễn

Na minha lista:
Detalhes bibliográficos
Autor principal: PHAN HỮU THƯ
Formato: Livro
Idioma:Undetermined
Publicado em: CTQG 2001
Tags: Adicionar Tag
Sem tags, seja o primeiro a adicionar uma tag!
Thư viện lưu trữ: Trung tâm Học liệu Trường Đại học Cần Thơ
LEADER 00479nam a2200145Ia 4500
001 CTU_47300
008 210402s9999 xx 000 0 und d
082 |a 347.597 
082 |b Th550 
100 |a PHAN HỮU THƯ 
245 0 |a Xây dựng bộ luật tố tụng dân sự những vấn đề lý luận và thực tiễn 
245 0 |c PHAN HỮU THƯ 
260 |b CTQG 
260 |c 2001 
980 |a Trung tâm Học liệu Trường Đại học Cần Thơ